Les noms des Equipes NFL en allemand - Statistiques

Statistiques générales
  • Ce quiz a été pris 33 fois
  • Le résultat moyen est 12 sur 32
Statistiques - réponses
German clue Full team name % Correct
Braune Cleveland Browns
96%
Jaguare Jacksonville Jaguars
96%
Titanen Tennessee Titans
83%
Kardinalen Arizona Cardinals
79%
Texaner Houston Texans
79%
Patrioten New England Patriots
79%
Falken Atlanta Falcons
75%
Raben Baltimore Ravens
71%
Wikinger Minnesota Vikings
71%
Panter Carolina Panthers
67%
Düsenjet New York Jets
58%
Bären Chicago Bears
33%
Löwen Detroit Lions
33%
Sankten New Orleans Saints
33%
Helferen in der Verpackungsabteilung Green Bay Packers
25%
Schafsbocke Los Angeles Rams
21%
Riesen New York Giants
21%
Fischadlern Seattle Seahawks
21%
Königstiger Cincinnati Bengals
17%
Halbwildes Pferde Denver Broncos
17%
Häuptlinge Kansas City Chiefs
17%
Adler Philadelphia Eagles
17%
Stahlarbeitern Pittsburgh Steelers
17%
Wilhelm Buffalo Bills
13%
Plünderer Las Vegas Raiders
13%
Ladestatione Los Angeles Chargers
13%
Oberstleutnante Washington Commanders
13%
Tümmler Miami Dolphins
8%
Seeräubern Tampa Bay Buccaneers
8%
Hengstfohlen Indianapolis Colts
4%
Bergarbeitern San Francisco 49ers
4%
Pfuscherin Dallas Cowboys
0%
Aucun quiz correspondant
Distribution des résultats
% des personnes avec chaque résultat
Percentile par nombre de réponses
Votre historique - résultats
Vous n’avez pas pris ce quiz